000 00563nam a2200205 a 4500
001 23791
003 CO-ViMGA
008 141112s2004 ck r 000 u spa d
020 _a9789706418371
040 _aCO-ViMGA
_bspa
_cCO-ViMGA
082 0 4 _aRAMg
100 1 _aRamirez Michel, Yolanda
_934421
245 1 0 _aEl gran niño /
_cYolanda Ramirez Michel
260 _aMéxico :
_beditorial progreso S.A
300 _a24p.
490 _aRehilete
650 1 4 _a2 : ROBOT - CUENTOS INFANTILES
_934422
650 1 4 _aCUENTOS INFANTILES MEXICANOS
942 _2ddc
_cBK
999 _c31874
_d31874